Příběhy zkamenělin : o ropuším kameni, hadím vejci a tajemném jednorožci /

Hlavní autor: Gregorová, Růžena, 1961-
Jazyk: Čeština
Vydáno: Brno : Moravské zemské muzeum, 2006
Vydání: Vyd. 1.
Témata:
Externí odkaz: Digitalizovaný dokument
Fyzický popis: 125 s. : il. (převážně barev.), faksim. ; 27 cm
Language note: Anglické a francouzské resumé
Knihy
Uloženo v:
LEADER 02334nam a2200637 a 4500
001 nkc20071710191
003 CZ PrNK
005 20070614170446.0
007 ta
008 070226s2006 xr ah e f 001 0 cze
015 |a cnb001710191 
020 |a 80-7028-300-9  |q (váz.) 
035 |a (OCoLC)166267253 
040 |a OLA001  |b cze  |d ABA001 
041 0 |a cze  |b eng  |b fre 
072 7 |a 56  |x Paleontologie  |2 Konspekt  |9 7 
080 |a 56.072  |2 MRF 
080 |a 398.4  |2 MRF 
080 |a 25  |2 MRF 
080 |a 39  |2 MRF 
080 |a 738/749.05  |2 MRF 
080 |a 56  |2 MRF 
080 |a (0.062)  |2 MRF 
100 1 |a Gregorová, Růžena,  |d 1961-  |7 jn20020717365  |4 aut 
245 1 0 |a Příběhy zkamenělin :  |b o ropuším kameni, hadím vejci a tajemném jednorožci /  |c Růžena Gregorová 
246 3 0 |a O ropuším kameni, hadím vejci a tajemném jednorožci 
250 |a Vyd. 1. 
260 |a Brno :  |b Moravské zemské muzeum,  |c 2006 
300 |a 125 s. :  |b il. (převážně barev.), faksim. ;  |c 27 cm 
500 |a Chronologický přehled 
500 |a Terminologický slovník 
500 |a 1000 výt. 
504 |a Obsahuje bibliografii a rejstřík 
546 |a Anglické a francouzské resumé 
650 0 7 |a fosilie  |7 ph116775  |2 czenas 
650 0 7 |a bájná stvoření  |7 ph119063  |2 czenas 
650 0 7 |a mytologie  |7 ph115389  |2 czenas 
650 0 7 |a lidová kultura  |7 ph122304  |2 czenas 
650 0 7 |a umělecké předměty  |7 ph116532  |2 czenas 
650 0 7 |a paleontologie  |7 ph115649  |2 czenas 
650 0 9 |a fossils  |2 eczenas 
650 0 9 |a supernatural creatures  |2 eczenas 
650 0 9 |a mythology  |2 eczenas 
650 0 9 |a folk culture  |2 eczenas 
650 0 9 |a art objects  |2 eczenas 
650 0 9 |a paleontology  |2 eczenas 
655 7 |a populárně-naučné publikace  |7 fd131864  |2 czenas 
655 9 |a popular works  |2 eczenas 
655 9 7 |a ilustrované publikace  |7 fd367467  |2 czenas 
856 4 1 |u https://www.digitalniknihovna.cz/mzk/uuid/uuid:07c03890-da56-11e7-8d21-005056827e52  |y Digitalizovaný dokument  |x NDK 
910 2 |a BOA001  |b 3-1181.870 
990 |a BK 
995 |a 01 
991 |b 200703  |c NOV 
996 6 |b 2610304314  |c 3-1181.870  |l MZK  |r Sklad / do 1 hodiny  |n 1  |p p.v.  |w 000843204  |u 000010  |a 1  |e BOA001  |j MZK50  |s P 
996 7 |b 2610304315  |c 3-1181.870  |l MZK  |r Sklad / do 1 hodiny  |n 10  |p p.v.  |w 000843204  |u 000020  |a 1  |e BOA001  |j MZK50  |s A